[Event "Abu Dhabi op 11th"]
[Site "Abu Dhabi"]
[Date "2001.08.29"]
[Round "5"]
[White "El Arousy, Abdul Hameed"]
[Black "Ali, Shaheen"]
[Result "1-0"]
[WhiteElo "2332"]
[BlackElo "2104"]
[PlyCount "91"]
[EventDate "2001.08.25"]
[EventType "swiss"]
[EventRounds "9"]
[EventCountry "UAE"]
[SourceTitle "EXT 2002"]
[Source "ChessBase"]
[SourceDate "2001.11.25"]
[SourceVersion "1"]
[SourceVersionDate "2001.11.25"]
[SourceQuality "1"]

1. d4 Nf6 2. Nc3 d5 3. Bg5 Ne4 4. Nxe4 dxe4 5. Qd2 g6 6. 0-0-0 Bg7 7. Bh6 0-0 8. h4 c5 9. Bxg7 Kxg7 10. Qc3 Qc7 11. h5 Qf4+ 12. e3 Qf6 13. Qxc5 Bg4 14. h6+ Kg8 15. Rd2 Na6 16. Qa3 Nc7 17. f3 Rfd8 18. Be2 Bf5 19. f4 b5 20. g4 Be6 21. Qa5 Nd5 22. Rh3 Nxe3 23. f5 Nc4 24. Bxc4 Bxc4 25. Qc3 Rac8 26. Qe3 Qa6 27. a3 Bd5 28. Ne2 b4 29. Qf4 bxa3 30. Rxa3 Qd6 31. Qxd6 Rxd6 32. fxg6 fxg6 33. Nf4 Bc4 34. Re3 Rf6 35. Rxe4 g5 36. Nd3 Rc7 37. Nc5 Rxh6 38. b3 Bf7 39. Re5 Rh1+ 40. Kb2 h6 41. Nd3 Rg1 42. Rc5 Rb7 43. Ne5 Be6 44. Rc6 Bxg4 45. Rg6+ Kf8 46. Rf2+ 1-0

[Event "Abu Dhabi op 11th"]
[Site "Abu Dhabi"]
[Date "2001.08.25"]
[Round "1"]
[White "Ali, Shaheen"]
[Black "Rizouk, Aimen"]
[Result "1-0"]
[WhiteElo "2104"]
[BlackElo "2442"]
[PlyCount "53"]
[EventDate "2001.08.25"]
[EventType "swiss"]
[EventRounds "9"]
[EventCountry "UAE"]
[SourceTitle "EXT 2002"]
[Source "ChessBase"]
[SourceDate "2001.11.25"]
[SourceVersion "1"]
[SourceVersionDate "2001.11.25"]
[SourceQuality "1"]

1. e4 e5 2. Nf3 Nc6 3. Bb5 Nf6 4. 0-0 Nxe4 5. Re1 Nd6 6. Bxc6 dxc6 7. Nxe5 Be6 8. d4 Qf6 9. c4 0-0-0 10. Qa4 a6 11. Nd2 Nf5 12. Ne4 Qe7 13. Nxc6 Qd7 14. d5 Nd4 15. Bg5 f6 16. Nxf6 gxf6 17. Bxf6 Nf3+ 18. Kh1 Nxe1 19. Rxe1 Bg7 20. Bxd8 Rxd8 21. Rxe6 bxc6 22. Qxa6+ Kb8 23. Rxc6 Qf5 24. h3 Bxb2 25. Qb5+ Kc8 26. Rxc7+ Kxc7 27. d6+ 1-0

[Event "Abu Dhabi op 09th"]
[Site "Abu Dhabi"]
[Date "1999.08.25"]
[Round "5"]
[White "Ali, Shaheen"]
[Black "Ahmed, Haseeb"]
[Result "1-0"]
[WhiteElo "2142"]
[BlackElo "2270"]
[PlyCount "47"]
[EventDate "1999.08.21"]
[EventType "swiss"]
[EventRounds "9"]
[EventCountry "UAE"]
[SourceTitle "EXT 2000"]
[Source "ChessBase"]
[SourceDate "1999.11.16"]
[SourceVersion "1"]
[SourceVersionDate "1999.11.16"]
[SourceQuality "1"]

1. e4 d5 2. exd5 Qxd5 3. Nc3 Qd6 4. d4 Nf6 5. Nf3 a6 6. g3 Nc6 7. Bf4 Qb4 8. Qd3 Qb6 9. 0-0-0 Nb4 10. Qc4 c6 11. Ng5 Nbd5 12. Na4 Qd8 13. Qb3 h6 14. Nf3 Nxf4 15. gxf4 Nd5 16. Ne5 e6 17. Rg1 Qh4 18. c4 Qxf4+ 19. Kb1 Nb4 20. a3 Qf5+ 21. Kc1 Qxf2 22. Rg2 Qf4+ 23. Rgd2 b5 24. Nb6 1-0